00459nam a2200133Ia 4500008004100000245009700041260004900138260000900187300001000196500001200206650001600218999001900234952007200253170224s9999 xx 000 0 und d 4aThe Situational Eight DIAMONDS: A taxonomy of major dimensions of situation characteristics. bJournal of Personality and Social Psychology c2014 a107:4 aOctober xPsychology. c316791d316791 001040aCLbCLd2017-02-24l0r2017-02-24 00:00:00w2017-02-24ySE